00974nam a2200217 a 450000100060000000300080000600500170001400800410003103500190007204000350009104100080012608200300013410000240016424501820018826000860037030000490045650200940050550400620059965000560066170000390071784406BD-RjUL20241202165100.0241202s2023 bg a|||| m||| 00| 0 eng d a(BD-RjUL)84406 aBD-RjULbengcBD-RjULdBD-RjUL aeng 223a320.8095492bKAW 2023 aKarim, Mst. Rezwana10aWomen participation in Bangladesh local Government : bRepresentation modalities and institutional efficacy /cResearcher Mst. Rezwana Karim ;6Supervisor : Begum, Asma Siddiqua aRajshahi :bInstitute of Bangladesh Studies, (IBS), University of Rajshahi,c2023 axviii, 142P. 16-17 leaves : bill, ;c29.cm. aThesis (M. Phil.) -- Institute of Bangladesh Studies, (IBS), University of Rajshahi, 2023 aIncludes Bibliographical References : 121-128 (16 -17) aLocal Government vWomen participationzBangladesh) aSiddiqua, Begum, AsmaeSupervisor